000 00969nam a22001937a 4500
999 _c63459
_d63459
003 Ge_BSU
005 20251013210944.0
008 251013s1962 ge ||||| |||| 00| 0 geo d
041 _ageo
080 _a331.101.6(47+57) გ-46
100 _aგვიშიანი, ნ.
_924963
245 _aშრომის ნაყოფიერების ზრდის როლი კომუნიზმის მშენებლობაში /
_c ნ. გვიშიანი.
264 _aთბ. :
_b საბჭ. საქართველო,
_c1962.
300 _a77 გვ. ;
_b20 სმ.
490 _aგანვახორციელოთ პარტიის XXII ყრილობის ისტორიული გადაწყვეტილებები
504 _aბიბლიოგრ. შენიშვნებში
653 _aშრომის ნაყოფიერება.
942 _2udc
_cᲬᲘᲒᲜᲘ